Online Catalogue and eLibrary

Barathiyarum Tamil Pulavarkalum (Record no. 6007)

MARC details
000 -LEADER
fixed length control field 00410nam a22001457a 4500
005 - DATE AND TIME OF LATEST TRANSACTION
control field 20250325035256.0
008 - FIXED-LENGTH DATA ELEMENTS--GENERAL INFORMATION
fixed length control field 250325b |||||||| |||| 00| 0 eng d
082 ## - DDC Classification
DDC Edition Number 22
Class No. 894
Item Number - Author Mark BAR
100 ## - MAIN ENTRY--PERSONAL NAME
Personal name Mani, P.s
245 ## - TITLE STATEMENT
Title Barathiyarum Tamil Pulavarkalum
260 ## - PUBLICATION, DISTRIBUTION, ETC.
Place of publication, distribution, etc. Chennai
Name of publisher, distributor, etc. Poonkodi Pathippagam
Date of publication, distribution, etc. 1981
300 ## - PHYSICAL DESCRIPTION
Extent (e.g. Volumes, Pages etc.) 212 p .,
500 ## - GENERAL NOTE
General note Barathiyerin valaikai varlarum avarathu pannium patriya nool
942 ## - Koha item type (Biblio)
Koha item type Books in Stacks (Lending)
Holdings
Lost status Damaged status Collection code Home library Current library Date acquired Full call number Accession Number Item type
    Lending WERC Library WERC Library 03/25/2025 894 BAR 817 Books in Stacks (Lending)

© WERC Library